Fernando Charry Lara / (Registro nro. 30706)
[ vista simple ]
| 000 -CABECERA | |
|---|---|
| campo de control de longitud fija | 00981nam a22002297a 4500 |
| 008 - CÓDIGOS DE INFORMACIÓN DE LONGITUD FIJA | |
| fixed length control field | 240306t1989 ck gr 000 0bspa d |
| 020 ## - NÚMERO INTERNACIONAL NORMALIZADO PARA LIBROS | |
| ISBN | 9589043682 |
| 037 ## - SOURCE OF ACQUISITION | |
| Materials specified | Donación |
| 040 ## - Fuente de catalogación | |
| Agencia original de catalogación | CO-JMCR |
| Agencia de transcripción | CO-JMCR |
| Agencia de modificación | CO-JMCR |
| Convenciones de descripción | rda |
| Lenguaje de catalogación | spa |
| 041 0# - CÓDIGO DE LENGUA | |
| Código idioma | spa |
| 082 04 - NÚMERO DE LA CLASIFICACIÓN DECIMAL DEWEY | |
| Número de clasificación Decimal | A-P |
| Número de documento (Cutter) | GARf |
| 100 1# - PUNTO DE ACCESO PRINCIPAL-NOMBRE DE PERSONA | |
| 9 (RLIN) | 43535 |
| Nombre personal | García Maffla, Jaime, |
| Término de función/relación | autor |
| Fechas asociadas al nombre | 1944- |
| 245 10 - TÍTULO PROPIAMENTE DICHO | |
| Título | Fernando Charry Lara / |
| Mención de responsabilidad, etc. | Jaime García Maffla |
| 264 ## - PRODUCCION, PUBLICACION, DISTRIBUCION, COPYRIGHT | |
| Lugar de producción, publicación, distribución, etc | Bogotá : |
| Nombre del editor, productor, distribuidor, etc | Procultura , |
| Fecha de producción, publicación, distribución, copyright | ©1989 |
| 300 ## - DESCRIPCIÓN FÍSICA | |
| Extensión | 137 páginas ; |
| Dimensiones | 19 cm. |
| 490 ## - DECLARACIÓN DE SERIE | |
| Volumen | 9 |
| 500 ## - NOTA GENERAL | |
| Nota general | Incluye tablas cronológicas donde se interrelacionan los principales acontecimientos históricos y literarios del país y del mundo con la vida y obra de Fernando Charry Lara |
| 505 0# - NOTA DE CONTENIDO FORMATADO | |
| Nota de contenido formateada | Biografía... pág. 1 -- Charry Lara y la poesía de Colombia... pág. 17 -- Antología... pág. 35 |
| 650 14 - TÉRMINO DE MATERIA | |
| Subdivisión cronológica | Siglo XX |
| subdivision Geografica | Colombia |
| 9 (RLIN) | 43537 |
| 650 24 - TÉRMINO DE MATERIA | |
| Subdivisión cronológica | SigloXX |
| 9 (RLIN) | 43538 |
| Withdrawn status | Lost status | Damaged status | Not for loan | Home library | Current library | Shelving location | Date acquired | Source of acquisition | Total Checkouts | Full call number | Barcode | Date last seen | Date last checked out | Copy number | Price effective from | Koha item type |
|---|---|---|---|---|---|---|---|---|---|---|---|---|---|---|---|---|
| Biblioteca Pública José María del Castillo y Rada | Biblioteca Pública José María del Castillo y Rada | Fiction | 12/06/2021 | Donación | 2 | A-P GARf | 201811264 | 04/20/2026 | 04/20/2026 | Ej.1 | 03/06/2024 | Books |